Les films d'animation La Fée Clochette - Statistiques

Statistiques générales
  • Ce quiz a été pris 102 fois
  • Le résultat moyen est 4 sur 7
Statistiques - réponses
Films d'animation La Fée Clochette % Correct
La Fée Clochette
93%
Clochette et la Fée Pirate
64%
Clochette et la Pierre de Lune
61%
Clochette et la Créature légendaire
45%
Clochette et l'Expédition féérique
41%
Clochette et le Secret des fées
33%
Clochette et le Tournoi des fées
24%
Aucun quiz correspondant
Distribution des résultats
% des personnes avec chaque résultat
Percentile par nombre de réponses
Votre historique - résultats
Vous n’avez pas pris ce quiz